000 01715cam a2200397Ia 4500
001 friends00hein
003 CaSfIA
005 20210118084641.0
007 cr||||
008 960228r19961982nyua j 000 1 eng d
040 _aDVA
_cDVA
_dOCL
_dCQF
_dCaSfIA
020 _a0590737929 (pbk.)
020 _a9780590737920 (pbk.)
035 _a(OCoLC)34277306
041 1 _aeng
_hger
050 4 _aPZ7.H3678
_bFr 1996
092 0 _a[E]
_220
100 1 _aHeine, Helme.
240 1 0 _aFreunde.
_lEnglish
245 1 0 _aFriends /
_h[electronic resource]
_cwritten and illustrated by Helme Heine.
260 _aNew York :
_bScholastic,
_cc1982,
_g(1996 printing).
300 _a[32] p. :
_bcol. ill. ;
_c27 cm.
500 _aTranslation of: Freunde.
500 _aReprint: Originally published: New York : Simon & Schuster, c1982.
500 _a"First Scholastic printing, February 1996."--Verso t.p.
520 _aThree friends who love to be together come to the realization that sometimes it's just not possible.
650 1 _aAnimals
_vFiction.
650 1 _aFriendship
_vFiction.
650 0 _aAnimals
_vFiction.
650 0 _aFriendship
_vFiction.
856 4 1 _uhttp://www.archive.org/details/friends00hein
_zFree eBook from the Internet Archive
856 4 2 _uhttp://www.openlibrary.org/books/OL24237443M
_zAdditional information and access via Open Library
942 _cEB
506 _fНеобхідна авторизація на https://archive.org/ (створення облікового запису безкоштовно)
506 _fНеобхідна авторизація на https://openlibrary.org/ (створення облікового запису безкоштовно)
999 _c499015
_d499015